LEADER 01276nam a2200277 i 4500 001 000000046118 003 CaOOAMICUS 005 20090625000000.0 008 090625s1992 it u000 u ita u 013 $a17288 020 $a88-215-2517-1 040 $aSeMil$bita 100 1 $aTamborra, Angelo <1913->.$0(OLS)http://semarc/name/22919 245 10$aChiesa cattolica e Ortodossia russa :$bDue secoli di confronto e dialogo. Dalla Santa Alleanza ai nostri giorni /$cAngelo Tamborra. 260 $aCinisello Balsamo :$bEdizioni Paoline,$ccopyr. 1992. 300 $a466 p. ;$c21 cm. 490 0 $aStoria della Chiesa. Saggi ;$v7 500 $aFondo Conti. 650 4$aRussia - Storia religiosa.$0(OLS)http://semarc/subject/6813 830 0$aStoria della Chiesa. Saggi ;$v7.$0(OLS)http://semarc/title/8597 850 $aSeMil 852 $aSeMil$W1$xVenegono$y1$m3C III 168$j12273$B12273$CSeMilBibl$Z2$F12273 $81 961 $aOmaggio: Conti Franco 996 $6020$a88-215-2517-1$9(OLS)http://semarc/number/18536 996 $6245$aChiesa cattolica e Ortodossia russa :$bDue secoli di confronto e dialogo. Dalla Santa Alleanza ai nostri giorni$9(OLS)http://semarc/title/68825 996 $6260$aCinisello Balsamo :$bEdizioni Paoline$9(OLS)http://semarc/publisher/36103 LEADER 00539naa a2200145 i 4500 001 000000308194 003 CaOOAMICUS 005 20180831172930.0 008 180831n xx u000 u fre u 013 $a17156 040 $aSeMil$bita 100 1 $aGabus, Jean-Paul,$d<1927- >.$0(OLS)http://semarc/name/21231 245 10$aSituation actuelle de la dogmatique reformée. 773 0 $tOrientations.$dParis : Beauchesne, 1973.$kPoint théologique$gp.57-70$w()65060 996 $6245$aSituation actuelle de la dogmatique reformée$9(OLS)http://semarc/title/383472